| 000 | 01068nam a2200265 a 4500 | ||
|---|---|---|---|
| 001 | BRCA_5246 | ||
| 005 | 20190320205012.0 | ||
| 008 | 301110s1941----nyua######---#000-0#eng-# | ||
| 041 | _aeng | ||
| 044 | _anyu | ||
| 050 | 4 |
_aND212 _b.P56 1941 |
|
| 245 | 1 | 0 |
_aLa pintura contemporánea norteamericana _ceditores The American Museum of Natural History ... [et al.]. |
| 260 |
_aNueva York _bMuseum of Modern Art _c1941 |
||
| 300 |
_a166 p. _bil. (algunas a color) _c25 cm. |
||
| 500 | _aEste libro ha sido publicado en relación con las exposiciones de pintura contemporánea norteamericana que tuvieron lugar en diferentes ciudades de la América Latina (Mayo-Diciembre, 1941) | ||
| 500 | _aIncluye biografías e índice de artistas | ||
| 500 | _aLibro dedicado por el autor a Franz Mayer | ||
| 500 | _aE66 | ||
| 504 | _aBibliografía: p. 163-164 | ||
| 650 | 1 | 4 |
_aPinturas estadounidenses _vExposiciones _913442 |
| 650 | 1 | 4 |
_aPintores estadounidenses _913443 |
| 710 | 2 |
_aAmerican Museum of Natural History (Nueva York) _913444 |
|
| 902 | _aGFM | ||
| 942 |
_2lcc _cB |
||
| 999 |
_c4940 _d4940 |
||